| 000 | 00668nam a22002057a 4500 | ||
|---|---|---|---|
| 003 | OSt | ||
| 005 | 20260116032341.0 | ||
| 008 | 260116b |||||||| |||| 00| 0 eng d | ||
| 020 | _a0-7674-2558-8. | ||
| 040 |
_aDWCL-Admin lib _cOC |
||
| 082 | _aCirc. 613 C812 2002 | ||
| 100 | _aInsel, Paul M. | ||
| 245 |
_a Core concepts in health / _cPaul M. Insel |
||
| 260 |
_aBoston: _bMcGraw-Hill, _c c2002. |
||
| 300 |
_axxiv, 421 p. : _b col. ill. ; _c 28 cm. (with worksheets). |
||
| 504 | _aIncludes bibliographical references and index. | ||
| 650 | _a1. Health - Handbooks, Manuals, etc. | ||
| 700 | _aRoth, Walton T. | ||
| 942 |
_2ddc _cBK-CIRC _e9th ed. _hCirc. _n0 |
||
| 999 |
_c7484 _d7484 |
||